<?xml version="1.0" encoding="UTF-8"?>
<collection xmlns="http://www.loc.gov/MARC21/slim">
 <record>
  <leader>01519cam a2200325 a 4500</leader>
  <controlfield tag="001">1/42538</controlfield>
  <controlfield tag="008">120522s2011    enk      b    000 0 eng  </controlfield>
  <datafield tag="020" ind1=" " ind2=" ">
   <subfield code="a">9781610390415 (pbk.)</subfield>
  </datafield>
  <datafield tag="020" ind1=" " ind2=" ">
   <subfield code="a">1610390415</subfield>
  </datafield>
  <datafield tag="035" ind1=" " ind2=" ">
   <subfield code="l">45402</subfield>
  </datafield>
  <datafield tag="040" ind1=" " ind2=" ">
   <subfield code="a">BTCTA</subfield>
   <subfield code="b">eng</subfield>
   <subfield code="c">GR-PeUP</subfield>
  </datafield>
  <datafield tag="082" ind1="0" ind2="0">
   <subfield code="a">330.973΄0931 UNI</subfield>
  </datafield>
  <datafield tag="110" ind1="1" ind2=" ">
   <subfield code="a">United States.</subfield>
   <subfield code="b">Financial Crisis Inquiry Commission.</subfield>
  </datafield>
  <datafield tag="245" ind1="1" ind2="4">
   <subfield code="a">The financial crisis inquiry report :</subfield>
   <subfield code="b">final report of the National Commission on the Causes of the Financial and Economic Crisis in the United States /</subfield>
   <subfield code="c">Financial Crisis Inquiry Commission.</subfield>
  </datafield>
  <datafield tag="246" ind1="3" ind2="0">
   <subfield code="a">Final report of the National Commission on the Causes of the Financial and Economic Crisis in the United States</subfield>
  </datafield>
  <datafield tag="250" ind1=" " ind2=" ">
   <subfield code="a">Authorized ed., 1st ed.</subfield>
  </datafield>
  <datafield tag="260" ind1=" " ind2=" ">
   <subfield code="a">New York, NY :</subfield>
   <subfield code="b">Public Affairs,</subfield>
   <subfield code="c">2011.</subfield>
  </datafield>
  <datafield tag="300" ind1=" " ind2=" ">
   <subfield code="a">xxviii, 545 σ. :</subfield>
   <subfield code="b">εικ., χαρτ. ;</subfield>
   <subfield code="c">23 εκ.</subfield>
  </datafield>
  <datafield tag="504" ind1=" " ind2=" ">
   <subfield code="a">Περιέχει βιβλιογραφία.</subfield>
  </datafield>
  <datafield tag="650" ind1=" " ind2="4">
   <subfield code="a">Global Financial Crisis, 2008-2009.</subfield>
  </datafield>
  <datafield tag="650" ind1=" " ind2="4">
   <subfield code="a">Financial crises</subfield>
   <subfield code="z">United States.</subfield>
  </datafield>
  <datafield tag="651" ind1=" " ind2="0">
   <subfield code="a">United States</subfield>
   <subfield code="x">Economic conditions</subfield>
   <subfield code="y">2009-</subfield>
  </datafield>
  <datafield tag="650" ind1=" " ind2="4">
   <subfield code="a">Subprime mortgage loans</subfield>
   <subfield code="z">United States.</subfield>
  </datafield>
  <datafield tag="650" ind1=" " ind2="4">
   <subfield code="a">Mortgage-backed securities.</subfield>
  </datafield>
  <datafield tag="650" ind1=" " ind2="4">
   <subfield code="a">Bank investments.</subfield>
  </datafield>
  <datafield tag="650" ind1=" " ind2="7">
   <subfield code="a">Financial crises</subfield>
   <subfield code="z">United States</subfield>
   <subfield code="2">sears</subfield>
  </datafield>
  <datafield tag="651" ind1=" " ind2="7">
   <subfield code="a">United States</subfield>
   <subfield code="x">Economic conditions</subfield>
   <subfield code="2">sears</subfield>
  </datafield>
  <datafield tag="852" ind1=" " ind2=" ">
   <subfield code="a">INST</subfield>
   <subfield code="b">UNIPILB</subfield>
   <subfield code="c">MAIN</subfield>
   <subfield code="e">20120522</subfield>
   <subfield code="h">330.973΄0931 UNI</subfield>
   <subfield code="p">00165357</subfield>
   <subfield code="q">00165357</subfield>
   <subfield code="t">LOAN</subfield>
   <subfield code="y">4</subfield>
   <subfield code="x">20120910</subfield>
   <subfield code="4">1</subfield>
  </datafield>
  <datafield tag="856" ind1="4" ind2=" ">
   <subfield code="d">/webopac/covers/03/45402_9781610390415.jpg</subfield>
   <subfield code="z">(pbk.)</subfield>
  </datafield>
  <datafield tag="856" ind1="4" ind2=" ">
   <subfield code="d">/webopac/covers/03/45402_1610390415.jpg</subfield>
  </datafield>
 </record>
</collection>
